[Event "VII Famalicao Open 2019"]
[Site "Famalicao"]
[Date "2019.07.28"]
[Round "1.12"]
[White "Fidalgo, Andre Neves"]
[Black "Dong, Rafael"]
[Result "1-0"]
[WhiteElo "2262"]
[BlackElo "1433"]
[Annotator "TA"]
[PlyCount "33"]
[EventDate "2019.07.28"]
[EventType "swiss"]
[EventCountry "POR"]
[SourceTitle "playchess.com"]
[Source "ChessBase"]
[SourceQuality "1"]

{[%evp 9,33,10,47,12,46,34,89,41,69,50,175,162,395,400,388,384,393,365,541,429,397,418,418,414,585,531]} 1. d4 d5 2. c4 c6 3. Nf3 Nf6 4. g3 dxc4 5. Bg2 Bf5 6. O-O {D11: Slav Defence: 3 Nf3 sidelines and 3...Nf6 4 e3 Bg4} e6 (6... Nbd7 7. Na3 Qa5 8. Nxc4 Qa6 9. b3 g6 10. Bb2 Bg7 11. Nfd2 O-O 12. e4 Bg4 13. Qc2 Ne8 {1-0 (30) Fressinet,L (2711)-Blomqvist,E (2492) Malmo 2014}) 7. Ne5 Nbd7 (7... Be4 $14) 8. Nxc4 {White is better.} Nb6 9. Na5 Rb8 $146 (9... Qd7 $14) ({Predecessor:} 9... Qd7 10. Nc3 Bb4 11. Nb3 O-O 12. a3 Bxc3 13. bxc3 Na4 14. Qe1 {1-0 (91) Rajdeep,S (2312)-Toth,B (2318) Budapest 2017}) 10. Bf4 $18 Bd6 $2 {[#]} (10... Be7 11. Nc3 (11. Bxb8 Qxb8 12. Nc3 Bg6 $16) 11... O-O) 11. Nxb7 $1 {[%mdl 576] Remove Defender, Decoy} Rxb7 12. Bxc6+ {[%mdl 64] Double Attack} Nbd7 {Strongly threatening ...Rb6.} 13. Bxd6 ({Don't do} 13. Bxb7 Bxf4 14. gxf4 Qb8 $18) 13... Rxb2 (13... Rb6 {might work better.}) 14. Na3 Ne4 15. Bxe4 ({Not} 15. Nc4 Nc3 $18) 15... Bxe4 16. Qa4 Rxe2 {[#]} (16... Rb6 $142 17. Bc5 Bc6 18. Bxb6 Qxb6) 17. Rfc1 {Played: Ra1-b1} 1-0

[Event "VII Famalicao Open 2019"]
[Site "Famalicao"]
[Date "2019.07.28"]
[Round "1.13"]
[White "Abdurramane, Danial Germano"]
[Black "Rego, Pedro Filipe"]
[Result "0-1"]
[WhiteElo "1405"]
[BlackElo "2249"]
[Annotator "TA"]
[PlyCount "78"]
[EventDate "2019.07.28"]
[EventType "swiss"]
[EventCountry "POR"]
[SourceTitle "playchess.com"]
[Source "ChessBase"]
[SourceQuality "1"]

{[%evp 18,78,15,1,21,0,0,0,5,-5,-10,-47,-19,-20,-29,-24,-11,-85,-21,-55,-61,-59,-36,-43,-47,-143,-135,-241,-214,-219,-231,-239,-247,-305,-311,-501,-493,-659,-533,-529,-516,-595,-422,-426,-383,-360,-156,-170,-171,-238,-236,-227,-223,-449,-434,-443,-437,-409,-418,-764,-502,-745,-734]} 1. d4 Nf6 2. Nf3 e6 3. e3 b6 4. Bd3 Bb7 5. O-O Be7 6. b3 d6 7. Nbd2 Nbd7 8. Bb2 c5 9. c4 O-O 10. Re1 Re8 {E14: Queen's Indian: Classical Variation (4 e3)} (10... cxd4 11. exd4 Re8 12. Nf1 Nf8 13. Ne3 Ng6 14. Bf1 Bf8 15. g3 Rc8 16. Bg2 Rc7 17. d5 e5 18. Ng5 Bc8 19. h4 {½-½ (56) Stefanova,A (2531)-Cramling,P (2495) Beijing 2011}) 11. Rc1 Bf8 12. Qc2 Rc8 $146 {The position is equal.} ({Predecessor:} 12... g6 13. Qb1 Bg7 14. Qa1 Qe7 15. a3 Rad8 16. Bc2 e5 17. d5 Rf8 18. Qb1 {0-1 (40) Monedero Gonzalez,J (1957)-Deshmukh,A (2241) Barcelona 2017}) 13. Ng5 {[%cal Rd3h7]} g6 14. f4 Bg7 15. Nde4 Nxe4 16. Nxe4 Nf6 17. Rf1 (17. Nxf6+ $11 {keeps the balance.} Bxf6 18. Qd2) 17... d5 (17... Nxe4 $17 18. Bxe4 d5) 18. Ng5 dxc4 19. bxc4 Ng4 20. Qe2 Nh6 $36 {[%cal Rc5d4][%mdl 2048] White is under pressure.} 21. Rcd1 ({Better is} 21. Be4 $15 Qe7 22. dxc5) 21... cxd4 $17 22. Bb1 (22. Be4 $17 Bxe4 23. Nxe4) 22... Nf5 23. exd4 Qc7 ({Inferior is} 23... Bxd4+ 24. Bxd4 Nxd4 25. Qd3 $11) 24. g4 Nd6 25. c5 bxc5 26. Rc1 $2 (26. Bc3) 26... Qb6 $19 27. Rxc5 Rxc5 28. dxc5 Qxc5+ 29. Rf2 {If White can now play Bxg7 this consolidates a bit.} Qd5 {[%csl Gb7][%cal Rd5h1] [#]} 30. Nf3 Bxb2 31. Qxb2 Ne4 (31... Rc8 $19 {White must now prevent ...Nb5.} 32. Bc2 h5) 32. Bxe4 $17 Qxe4 33. Qe5 (33. Qd4 $142) 33... Qb1+ $19 34. Ne1 Qb6 35. f5 $2 (35. Qb2) 35... Qc6 {[%csl Gb7][%cal Rc6h1] [#]} 36. Rc2 exf5 {( -> ...Qh1+)} 37. Rxc6 Rxe5 38. Rc7 (38. Nd3 $142 Re3 39. Rd6) 38... Rxe1+ 39. Kf2 Rb1 {Accuracy: White = 16%, Black = 46%.} 0-1

[Event "VII Famalicao Open 2019"]
[Site "Famalicao"]
[Date "2019.07.28"]
[Round "1.14"]
[White "Leonardo, Joao"]
[Black "Carvalho, Joao Guedes De"]
[Result "1-0"]
[WhiteElo "2227"]
[BlackElo "1386"]
[Annotator "TA"]
[PlyCount "41"]
[EventDate "2019.07.28"]
[EventType "swiss"]
[EventCountry "POR"]
[SourceTitle "playchess.com"]
[Source "ChessBase"]
[SourceQuality "1"]

{[%evp 13,41,29,18,-18,93,73,90,25,29,31,31,24,21,25,33,15,8,-44,-45,-41,203,0,237,0,697,718,2724,2785,29993,29994]} 1. e4 e5 2. Bc4 Bc5 3. Nf3 d6 4. c3 Nc6 5. d4 exd4 6. cxd4 Bb6 7. h3 Nf6 8. Nc3 {C53: Giuoco Piano sidelines} a6 (8... Nxe4 $11 {remains equal.} 9. Nxe4 d5) (8... O-O 9. O-O Nxe4 10. Nxe4 d5 11. Bg5 Qd7 12. Bb5 dxe4 13. Ne5 Qxd4 14. Nxc6 bxc6 15. Bxc6 Rb8 16. Qc2 Ba6 17. Rfe1 {0-1 (31) Paehtz,E (2452)-Lagno,K (2543) Beijing 2013}) 9. O-O $16 h6 10. d5 $146 (10. Re1 $16) ({Predecessor:} 10. Be3 O-O 11. Qd2 Ba5 12. Qc2 b5 13. Bd5 Nxd5 14. Nxd5 Bb7 15. a3 Ne7 16. Nxe7+ Qxe7 17. d5 {½-½ (63) Pham,T (1860)-Tran,T (1850) Bac Giang 2016}) 10... Ne5 $11 11. Nxe5 dxe5 12. Qf3 Bd7 13. Qg3 $36 {[%mdl 2112] Double Attack. White is more active.} Qe7 $1 14. Be3 Bxe3 15. fxe3 ({White should try} 15. Qxe3 $11 O-O 16. Rac1) 15... O-O $15 16. Rf2 c5 $2 {[#]} (16... Rac8 $15 {stays ahead.}) 17. Raf1 $2 (17. d6 $1 $18 {[%cal Rd6e7][%mdl 512]} Qxd6 18. Rd1) 17... Nh5 $2 {[#]} (17... Ne8 $1 $11 {and Black stays safe.}) 18. Qf3 $2 (18. d6 $1 $18 {[%cal Rd6e7][%mdl 512]} Qe6 (18... Qxd6 19. Qh4) 19. Bxe6 Nxg3 20. Bxf7+ (20. Bxd7 Nxf1 21. Rxf1 Rfd8 $16) 20... Kh8 21. Rd1) 18... Qf6 $2 {[%mdl 8192]} (18... Qg5 $11) 19. Qxh5 $18 ({Inferior is} 19. Qxf6 Nxf6 20. b3 b5 $11) 19... Qg6 20. Qxg6 {[%cal Rf2f7]} Kh8 21. Rxf7 {Accuracy: White = 12%, Black = 38%.} 1-0

[Event "VII Famalicao Open 2019"]
[Site "Famalicao"]
[Date "2019.07.29"]
[Round "2.1"]
[White "Grigoryan, Karen H."]
[Black "Fidalgo, Daniel Neves"]
[Result "1-0"]
[WhiteElo "2549"]
[BlackElo "2087"]
[Annotator "ChessBase"]
[PlyCount "139"]
[EventDate "2019.07.28"]
[EventType "swiss"]
[EventCountry "POR"]
[SourceTitle "playchess.com"]
[Source "ChessBase"]
[SourceQuality "1"]
[TimeControl "5400+30"]

1. g3 {[%emt 0:00:00]} g6 {[%emt 0:00:00]} 2. Bg2 {[%emt 0:00:00]} Bg7 {[%emt 0:00:40]} 3. e4 {[%emt 0:00:11]} e5 {[%emt 0:00:26]} 4. Ne2 {[%emt 0:00:54]} Ne7 {[%emt 0:00:17]} 5. d4 {[%emt 0:02:41]} d6 {[%emt 0:07:58]} 6. dxe5 {[%emt 0:00:51]} dxe5 {[%emt 0:00:37]} 7. Qxd8+ {[%emt 0:00:08]} Kxd8 {[%emt 0:00:07]} 8. Na3 {[%emt 0:00:57]} Be6 {[%emt 0:01:31]} 9. Bg5 {[%emt 0:00:11]} c6 {[%emt 0:04:08]} 10. O-O-O+ {[%emt 0:01:10]} Nd7 {[%emt 0:03:38]} 11. Rhf1 {[%emt 0:00:22]} h6 {[%emt 0:05:43]} 12. Bd2 {[%emt 0:00:16]} Kc7 {[%emt 0:02:28]} 13. Bb4 {[%emt 0:00:53]} Nc8 {[%emt 0:01:48]} 14. f4 {[%emt 0:00:39]} exf4 {[%emt 0:04:22]} 15. gxf4 {[%emt 0:04:59]} Bg4 {[%emt 0:02:16]} 16. Bf3 {[%emt 0:00:32]} Bxf3 17. Rxf3 {[%emt 0:00:07]} a5 {[%emt 0:01:41]} 18. Rfd3 {[%emt 0:04:19]} Rd8 {[%emt 0:10:53]} 19. Bc3 {[%emt 0:10:02]} Bxc3 {[%emt 0:04:52]} 20. Rxc3 {[%emt 0:00:06]} Nd6 {[%emt 0:01:18]} 21. e5 {[%emt 0:04:50]} Ne4 {[%emt 0:03:52]} 22. Re3 {[%emt 0:00:50]} Ndc5 {[%emt 0:02:08]} 23. Re1 {[%emt 0:02:39]} b5 {[%emt 0:03:58]} 24. Nb1 {[%emt 0:00:24]} Rd7 {[%emt 0:05:40]} 25. Ng3 {[%emt 0:02:42]} Nxg3 {[%emt 0:03:50]} 26. hxg3 {[%emt 0:00:07]} h5 {[%emt 0:00:14]} 27. Nd2 {[%emt 0:00:54]} Rad8 {[%emt 0:00:40]} 28. Nf3 {[%emt 0:00:18]} Ne6 {[%emt 0:01:08]} 29. Nh4 {[%emt 0:05:26]} Ng7 {[%emt 0:03:08]} 30. R3e2 {[%emt 0:05:15]} Rg8 {[%emt 0:02:01]} 31. Rg2 {[%emt 0:02:41]} Ne6 {[%emt 0:06:13]} 32. Nf3 {[%emt 0:01:43]} Rh8 {[%emt 0:02:06]} 33. b3 {[%emt 0:02:09]} Rdd8 {[%emt 0:00:51]} 34. Kb2 {[%emt 0:01:16]} Kb6 {[%emt 0:01:18]} 35. Ra1 {[%emt 0:01:04]} Rd7 {[%emt 0:02:17]} 36. a4 {[%emt 0:00:37]} Rhd8 {[%emt 0:00:42]} 37. Rgg1 {[%emt 0:00:30]} b4 {[%emt 0:00:38]} 38. Raf1 {[%emt 0:05:24]} Rd5 {[%emt 0:03:04]} 39. Re1 {[%emt 0:02:17]} R8d7 {[%emt 0:01:50]} 40. Kc1 {[%emt 0:01:06]} Nd4 {[%emt 0:01:16]} 41. Nd2 {[%emt 0:00:43]} Kc7 {[%emt 0:00:19]} 42. Rg2 {[%emt 0:00:45]} Nf5 {[%emt 0:01:36]} 43. Nc4 {[%emt 0:00:34]} Rd8 {[%emt 0:00:34]} 44. Rgg1 {[%emt 0:01:44]} Nd4 {[%emt 0:00:43]} 45. Rh1 {[%emt 0:01:09]} Nf5 {[%emt 0:01:01]} 46. Reg1 {[%emt 0:00:08]} Nh6 {[%emt 0:01:33]} 47. Rh2 {[%emt 0:00:44]} Ng4 {[%emt 0:00:15]} 48. Re2 {[%emt 0:00:15]} Re8 {[%emt 0:01:06]} 49. Rd2 {[%emt 0:02:29]} f6 {[%emt 0:01:11]} 50. Re2 {[%emt 0:01:52]} fxe5 {[%emt 0:01:35]} 51. fxe5 {[%emt 0:00:37]} Re6 {[%emt 0:00:22]} 52. Rf1 {[%emt 0:00:26]} Kd8 {[%emt 0:00:44]} 53. Rd1 {[%emt 0:02:21]} Ke7 {[%emt 0:00:07]} 54. Rde1 {[%emt 0:03:53]} Nh6 {[%emt 0:00:43]} 55. Kb2 {[%emt 0:00:29]} Nf5 {[%emt 0:00:42]} 56. Rg1 {[%emt 0:00:43]} Nh6 {[%emt 0:00:22]} 57. c3 {[%emt 0:00:34]} Ng4 {[%emt 0:01:13]} 58. Rge1 {[%emt 0:00:18]} Rd3 {[%emt 0:01:07]} 59. cxb4 {[%emt 0:00:08]} axb4 {[%emt 0:00:10]} 60. a5 {[%emt 0:00:05]} c5 {[%emt 0:00:24]} 61. Ra1 {[%emt 0:05:01]} Ra6 {[%emt 0:00:17]} 62. Rg1 {[%emt 0:00:09]} Ke6 {[%emt 0:00:31]} 63. Rf1 {[%emt 0:02:06]} Rxg3 {[%emt 0:00:38]} 64. Rd1 {[%emt 0:00:07]} Rf3 {[%emt 0:02:12]} 65. Rd6+ {[%emt 0:00:12]} Rxd6 {[%emt 0:00:06]} 66. exd6+ {[%emt 0:00:05]} Kd7 {[%emt 0:00:19]} 67. a6 {[%emt 0:02:01]} Rf8 {[%emt 0:01:18]} 68. Re7+ {[%emt 0:00:51]} Kc6 {[%emt 0:00:22]} 69. Rc7+ {[%emt 0:00:37]} Kb5 {[%emt 0:00:17]} 70. d7 {[%emt 0:00:26]} 1-0

[Event "VII Famalicao Open 2019"]
[Site "Famalicao"]
[Date "2019.07.29"]
[Round "2.2"]
[White "Pintor, Simao Maciel Abranch"]
[Black "Martinez Duany, Lelys Stanley"]
[Result "0-1"]
[WhiteElo "2082"]
[BlackElo "2535"]
[Annotator "ChessBase"]
[PlyCount "114"]
[EventDate "2019.07.28"]
[EventType "swiss"]
[EventCountry "POR"]
[SourceTitle "playchess.com"]
[Source "ChessBase"]
[SourceQuality "1"]
[TimeControl "5400+30"]

1. Nf3 Nf6 {[%emt 0:08:08]} 2. g3 {[%emt 0:00:00]} d5 {[%emt 0:00:55]} 3. Bg2 {[%emt 0:00:03]} c6 {[%emt 0:00:12]} 4. O-O {[%emt 0:00:10]} Bg4 {[%emt 0:00:17]} 5. d4 {[%emt 0:00:18]} Nbd7 {[%emt 0:00:46]} 6. b3 {[%emt 0:00:51]} e6 {[%emt 0:01:01]} 7. Bb2 {[%emt 0:00:47]} h5 {[%emt 0:01:47]} 8. Ne5 {[%emt 0:07:40]} h4 {[%emt 0:04:07]} 9. Nd2 {[%emt 0:09:41]} hxg3 {[%emt 0:00:39]} 10. Nxg4 {[%emt 0:06:37]} Nxg4 {[%emt 0:00:46]} 11. hxg3 {[%emt 0:00:06]} Qg5 {[%emt 0:00:52]} 12. e4 {[%emt 0:03:43]} Qh5 {[%emt 0:04:32]} 13. Re1 {[%emt 0:00:19]} Ndf6 {[%emt 0:01:30]} 14. exd5 {[%emt 0:11:06]} cxd5 {[%emt 0:00:42]} 15. Qe2 {[%emt 0:04:56]} a6 {[%emt 0:01:54]} 16. c4 {[%emt 0:01:40]} Bd6 {[%emt 0:02:28]} 17. cxd5 {[%emt 0:11:53]} Nxd5 {[%emt 0:02:59]} 18. Ne4 {[%emt 0:17:36]} Bb4 {[%emt 0:07:45]} 19. Rec1 {[%emt 0:04:32]} O-O {[%emt 0:03:23]} 20. Nc5 {[%emt 0:02:23]} b6 {[%emt 0:02:54]} 21. Nd7 {[%emt 0:02:39]} Rfd8 {[%emt 0:00:57]} 22. Ne5 {[%emt 0:03:20]} Qh2+ {[%emt 0:00:23]} 23. Kf1 {[%emt 0:00:05]} Nxe5 {[%emt 0:00:23]} 24. Qxe5 {[%emt 0:02:36]} Ra7 {[%emt 0:01:38]} 25. Rc6 {[%emt 0:01:27]} Rad7 {[%emt 0:00:18]} 26. a3 {[%emt 0:02:13]} Be7 {[%emt 0:00:24]} 27. Re1 {[%emt 0:01:28]} Bf6 {[%emt 0:00:14]} 28. Qe2 {[%emt 0:00:22]} a5 {[%emt 0:00:44]} 29. Qg4 {[%emt 0:01:54]} Rd6 {[%emt 0:01:50]} 30. Rxd6 {[%emt 0:01:04]} Rxd6 {[%emt 0:00:11]} 31. Bc1 {[%emt 0:00:02]} Ne7 {[%emt 0:00:51]} 32. Rd1 {[%emt 0:01:05]} Rd7 {[%emt 0:02:40]} 33. Bg5 {[%emt 0:01:43]} Bxg5 {[%emt 0:01:13]} 34. Qxg5 {[%emt 0:00:02]} Qh7 {[%emt 0:01:10]} 35. Qb5 {[%emt 0:00:40]} Qc2 {[%emt 0:00:21]} 36. Bf3 {[%emt 0:00:37]} Qc7 {[%emt 0:00:24]} 37. Kg2 {[%emt 0:00:39]} Qd8 {[%emt 0:01:41]} 38. Be4 {[%emt 0:01:51]} Nd5 {[%emt 0:00:35]} 39. Qd3 {[%emt 0:00:48]} Nf6 {[%emt 0:00:39]} 40. Rh1 {[%emt 0:00:26]} Rxd4 {[%emt 0:00:25]} 41. Bh7+ {[%emt 0:00:03]} Kf8 {[%emt 0:00:12]} 42. Qf3 {[%emt 0:00:58]} Qd5 {[%emt 0:01:03]} 43. Bb1 {[%emt 0:00:23]} Ke7 {[%emt 0:00:46]} 44. Rc1 {[%emt 0:00:18]} Kd7 {[%emt 0:01:23]} 45. Rc3 {[%emt 0:00:33]} Rd2 {[%emt 0:01:04]} 46. Rd3 {[%emt 0:00:50]} Rxd3 {[%emt 0:00:18]} 47. Bxd3 {[%emt 0:00:06]} Kd6 {[%emt 0:00:25]} 48. Bc4 {[%emt 0:00:33]} Qxf3+ {[%emt 0:00:55]} 49. Kxf3 {[%emt 0:00:03]} Kc5 {[%emt 0:00:24]} 50. a4 {[%emt 0:00:45]} Kd4 {[%emt 0:00:32]} 51. g4 {[%emt 0:00:37]} g5 {[%emt 0:00:35]} 52. Bb5 {[%emt 0:00:40]} Kc3 {[%emt 0:01:45]} 53. Bc4 {[%emt 0:00:43]} Ne8 {[%emt 0:00:38]} 54. Ke3 {[%emt 0:00:33]} Nd6 {[%emt 0:00:09]} 55. f4 {[%emt 0:00:29]} Nxc4+ {[%emt 0:00:58]} 56. bxc4 {[%emt 0:00:03]} gxf4+ {[%emt 0:00:28]} 57. Kxf4 {[%emt 0:00:08]} f6 {[%emt 0:00:06]} 0-1

[Event "VII Famalicao Open 2019"]
[Site "Famalicao"]
[Date "2019.07.29"]
[Round "2.3"]
[White "Galego, Luis"]
[Black "Fernandes, Joao Pedro Murtinho"]
[Result "1-0"]
[WhiteElo "2513"]
[BlackElo "2080"]
[Annotator "ChessBase"]
[PlyCount "65"]
[EventDate "2019.07.28"]
[EventType "swiss"]
[EventCountry "POR"]
[SourceTitle "playchess.com"]
[Source "ChessBase"]
[SourceQuality "1"]
[TimeControl "5400+30"]

1. e4 {[%emt 0:00:00]} c5 {[%emt 0:00:00]} 2. Nf3 {[%emt 0:00:00]} Nc6 {[%emt 0:00:00]} 3. Bb5 {[%emt 0:00:12]} e6 4. Bxc6 {[%emt 0:01:12]} bxc6 {[%emt 0:00:22]} 5. O-O {[%emt 0:00:10]} d6 {[%emt 0:04:38]} 6. e5 {[%emt 0:02:48]} Ne7 7. exd6 {[%emt 0:01:59]} Ng6 {[%emt 0:05:54]} 8. d4 {[%emt 0:01:40]} Bxd6 {[%emt 0:02:39]} 9. dxc5 {[%emt 0:01:40]} Bxc5 {[%emt 0:00:20]} 10. Qxd8+ {[%emt 0:00:12]} Kxd8 {[%emt 0:00:11]} 11. Ng5 {[%emt 0:00:09]} Ke7 {[%emt 0:01:28]} 12. Ne4 {[%emt 0:00:36]} Bb6 {[%emt 0:02:53]} 13. b3 {[%emt 0:00:21]} Ba6 {[%emt 0:02:06]} 14. Ba3+ {[%emt 0:00:23]} c5 {[%emt 0:00:59]} 15. Re1 {[%emt 0:03:34]} Rac8 {[%emt 0:12:43]} 16. Nbc3 {[%emt 0:01:48]} Ba5 {[%emt 0:09:14]} 17. Re3 {[%emt 0:00:17]} Bb4 {[%emt 0:04:36]} 18. Bb2 {[%emt 0:09:22]} Rhd8 {[%emt 0:09:22]} 19. Na4 {[%emt 0:02:33]} Bd2 {[%emt 0:00:45]} 20. Nxd2 {[%emt 0:00:58]} Rxd2 {[%emt 0:00:20]} 21. c4 {[%emt 0:00:30]} Rcd8 {[%emt 0:07:34]} 22. Ree1 {[%emt 0:05:17]} Nf4 {[%emt 0:05:55]} 23. Ba3 {[%emt 0:00:19]} Nd3 {[%emt 0:01:45]} 24. Red1 {[%emt 0:02:50]} Rxd1+ {[%emt 0:06:40]} 25. Rxd1 {[%emt 0:00:06]} Nb4 {[%emt 0:06:16]} 26. Rxd8 {[%emt 0:00:25]} Kxd8 {[%emt 0:00:03]} 27. Nxc5 {[%emt 0:00:17]} Nc2 {[%emt 0:00:08]} 28. Bb2 {[%emt 0:00:10]} Bc8 {[%emt 0:00:14]} 29. Bxg7 {[%emt 0:00:11]} Ke7 {[%emt 0:00:23]} 30. Bc3 {[%emt 0:00:33]} f5 {[%emt 0:01:14]} 31. Kf1 {[%emt 0:01:01]} Kd6 {[%emt 0:01:10]} 32. Nd3 {[%emt 0:00:07]} Bb7 {[%emt 0:00:24]} 33. Ke2 {[%emt 0:00:31] Kd5} 1-0

[Event "VII Famalicao Open 2019"]
[Site "Famalicao"]
[Date "2019.07.29"]
[Round "2.4"]
[White "Novais, Carlos Joao Fernande"]
[Black "Spraggett, Kevin"]
[Result "0-1"]
[WhiteElo "2077"]
[BlackElo "2511"]
[Annotator "ChessBase"]
[PlyCount "38"]
[EventDate "2019.07.28"]
[EventType "swiss"]
[EventCountry "POR"]
[SourceTitle "playchess.com"]
[Source "ChessBase"]
[SourceQuality "1"]
[TimeControl "5400+30"]

1. d4 {[%emt 0:00:00]} Nf6 {[%emt 0:00:00]} 2. Bg5 {[%emt 0:00:00]} Ne4 {[%emt 0:00:29]} 3. Bf4 {[%emt 0:00:04]} Nc6 {[%emt 0:00:57]} 4. f3 {[%emt 0:04:37]} e5 5. dxe5 {[%emt 0:00:30]} g5 {[%emt 0:13:07]} 6. Be3 {[%emt 0:09:33]} Nc5 {[%emt 0:00:25]} 7. Qd2 {[%emt 0:09:36]} Rg8 {[%emt 0:02:27]} 8. Nh3 {[%emt 0:03:59]} Ne6 {[%emt 0:03:45]} 9. Nc3 {[%emt 0:07:34]} Nxe5 {[%emt 0:02:48]} 10. b3 {[%emt 0:00:19]} Bb4 {[%emt 0:10:09]} 11. a3 {[%emt 0:02:01]} Ba5 {[%emt 0:01:43]} 12. Bd4 {[%emt 0:07:05]} Nxd4 {[%emt 0:09:15]} 13. Qxd4 {[%emt 0:00:16]} d6 {[%emt 0:07:46]} 14. e3 {[%emt 0:05:11]} Bxh3 {[%emt 0:05:11]} 15. Qa4+ {[%emt 0:00:46]} c6 {[%emt 0:01:39]} 16. b4 {[%emt 0:00:41]} Bb6 {[%emt 0:03:01]} 17. gxh3 {[%emt 0:00:55]} Nxf3+ {[%emt 0:00:26]} 18. Kf2 {[%emt 0:02:14]} Ne5 {[%emt 0:04:28]} 19. Nd5 {[%emt 0:03:04]} Kf8 {[%emt 0:00:32]} 0-1

[Event "VII Famalicao Open 2019"]
[Site "Famalicao"]
[Date "2019.07.29"]
[Round "2.5"]
[White "Petkov, Vladimir"]
[Black "Romano, Joao"]
[Result "1-0"]
[WhiteElo "2497"]
[BlackElo "2053"]
[Annotator "ChessBase"]
[PlyCount "67"]
[EventDate "2019.07.28"]
[EventType "swiss"]
[EventCountry "POR"]
[SourceTitle "playchess.com"]
[Source "ChessBase"]
[SourceQuality "1"]
[TimeControl "5400+30"]

1. d4 d5 2. c4 e6 3. Nf3 a6 {[%emt 1:31:30]} 4. cxd5 exd5 5. Nc3 h6 6. Qb3 Nf6 {[%emt 0:01:30]} 7. Bf4 Ra7 8. e4 Be6 9. e5 Ne4 {[%emt 0:01:30]} 10. Bd3 Nc6 {[%emt 0:00:30]} 11. a3 Be7 12. Be3 Nxc3 13. Qxc3 Qd7 {[%emt 0:01:30]} 14. Qc2 O-O 15. Ng1 Na5 {[%emt 0:01:00]} 16. Ne2 Raa8 17. f4 f5 18. O-O Rac8 19. Rad1 Nc4 20. Bf2 b5 21. h3 a5 22. Kh2 b4 23. axb4 axb4 24. b3 Na3 25. Qd2 Nb5 26. Rc1 Ra8 {[%emt 0:05:30]} 27. Bxb5 Qxb5 28. Rxc7 Rfe8 29. Rfc1 Rac8 30. Ng1 Rxc7 31. Rxc7 Bc8 32. Qc2 Be6 33. Nf3 Bf8 34. Nh4 1-0

[Event "VII Famalicao Open 2019"]
[Site "Famalicao"]
[Date "2019.07.29"]
[Round "2.6"]
[White "Fernandes, Ricardo Paulos"]
[Black "Damaso, Rui"]
[Result "0-1"]
[WhiteElo "2007"]
[BlackElo "2425"]
[Annotator "NA"]
[PlyCount "66"]
[EventDate "2019.07.28"]
[EventType "swiss"]
[EventCountry "POR"]
[SourceTitle "playchess.com"]
[Source "ChessBase"]
[SourceQuality "1"]
[TimeControl "5400+30"]

1. e4 {[%emt 0:00:00]} c5 {[%emt 0:13:25]} 2. Nf3 {[%emt 0:00:00]} d6 {[%emt 0:00:10]} 3. d4 {[%emt 0:00:00]} cxd4 {[%emt 0:00:08]} 4. Nxd4 {[%emt 0:00:00]} Nf6 {[%emt 0:00:07]} 5. Nc3 {[%emt 0:00:00]} Nc6 {[%emt 0:02:54]} 6. Be2 {[%emt 0:03:13]} e5 {[%emt 0:00:37]} 7. Nb3 {[%emt 0:00:06]} Be7 {[%emt 0:00:18]} 8. O-O {[%emt 0:00:11]} O-O {[%emt 0:02:53]} 9. Be3 {[%emt 0:03:08]} a5 {[%emt 0:02:27]} 10. a4 {[%emt 0:02:31]} Nb4 {[%emt 0:02:19]} 11. f4 {[%emt 0:04:07]} Be6 {[%emt 0:03:22]} 12. Nd2 {[%emt 0:03:44]} d5 {[%emt 0:12:06]} 13. fxe5 {[%emt 0:08:27]} d4 {[%emt 0:00:55]} 14. Bf4 {[%emt 0:16:37]} dxc3 {[%emt 0:02:17]} 15. bxc3 {[%emt 0:00:06]} Nfd5 {[%emt 0:08:58]} 16. exd5 {[%emt 0:01:32]} Nxd5 {[%emt 0:00:23]} 17. Ne4 {[%emt 0:02:46]} Nxf4 {[%emt 0:05:34]} 18. Rxf4 {[%emt 0:01:49]} Qc7 {[%emt 0:00:12]} 19. Nd6 {[%emt 0:16:16]} Rad8 {[%emt 0:02:06]} 20. Rd4 {[%emt 0:01:16]} Qxc3 {[%emt 0:06:06]} 21. Kh1 {[%emt 0:05:00]} Qc5 {[%emt 0:11:39]} 22. c3 {[%emt 0:01:40]} Qxe5 {[%emt 0:06:40]} 23. Nxb7 {[%emt 0:01:19]} Rc8 {[%emt 0:00:06]} 24. Rc1 {[%emt 0:05:35]} Ba3 {[%emt 0:01:05]} 25. Rb1 {[%emt 0:07:12]} Rxc3 {[%emt 0:00:35]} 26. Rb5 {[%emt 0:10:17]} Qc7 {[%emt 0:01:11]} 27. Qf1 {[%emt 0:01:44]} Bb4 {[%emt 0:00:38]} 28. Qf4 {[%emt 0:02:45]} Rc1+ {[%emt 0:02:14]} 29. Bf1 {[%emt 0:00:05]} Qxf4 {[%emt 0:01:13]} 30. Rxf4 {[%emt 0:00:03]} Bc4 {[%emt 0:00:41]} 31. Rbf5 {[%emt 0:00:37]} Rxf1+ {[%emt 0:00:51]} 32. Rxf1 {[%emt 0:00:04]} Bxf1 {[%emt 0:00:08]} 33. Rxf1 {[%emt 0:00:03]} Rb8 {[%emt 0:00:06]} 0-1